000
00210nam a2200097Ia 4500
008
240625s9999 xx 000 0 und d
041
_a
eng
100
_a
JAFFE EUGENE D
245
_a
BARRON S GMAT
260
_c
2013
999
_c
34964
_d
34964